UBT Library

KOMPJUTERI PER TE GJITHE (Record no. 59569)

000 -LEADER
fixed length control field 00302nam a22001337a 4500
008 - FIXED-LENGTH DATA ELEMENTS--GENERAL INFORMATION
fixed length control field 230418b ||||| |||| 00| 0 eng d
041 ## - LANGUAGE CODE
Language code of text/sound track or separate title SHQIP
080 ## - UNIVERSAL DECIMAL CLASSIFICATION NUMBER
Edition identifier BOTIMI I DYTE
Universal Decimal Classification number 004
082 ## - DEWEY DECIMAL CLASSIFICATION NUMBER
Classification number 004DIK
100 ## - Rafti
Rafti 18
101 ## - Shkurtesa
Shkurtesa SHKI
245 ## - TITLE STATEMENT
Title KOMPJUTERI PER TE GJITHE
Statement of responsibility, etc DIKA .A
942 ## - ADDED ENTRY ELEMENTS (KOHA)
Source of classification or shelving scheme
Item type Books
Holdings
Withdrawn status Lost status Source of classification or shelving scheme Damaged status Not for loan Collection code Permanent location Current location Date acquired Total Checkouts Full call number Barcode Date last seen Price effective from Koha item type
          Koleksioni i përgjithshem UBT - Lipjan UBT - Lipjan 04/18/2023   004DIK 002-80006047 04/18/2023 04/18/2023 Books
UBT Library © 2015-2024. All rights reserved University Education for Business and Technology